Nové lehoty na uchovávanie účtovnej dokumentácie a sprísnené sankcie za porušenie zákona o účtovníctve od roku 2018
Uchovávanie účtovnej dokumentácie. Právna úprava. Ilustračné príklady.
Salvato in:
| Autore principale: | |
|---|---|
| Natura: | Capitolo di libro |
| Lingua: | slovacco |
| Soggetti: | |
| Tags: |
Nessun Tag, puoi essere il primo ad aggiungerne!!
|
MARC
| LEADER | 00000naa a2200000 4500 | ||
|---|---|---|---|
| 001 | 0248482 | ||
| 005 | 20181025121228.0 | ||
| 041 | 0 | |a slo | |
| 044 | |a SK | ||
| 245 | 1 | 0 | |a Nové lehoty na uchovávanie účtovnej dokumentácie a sprísnené sankcie za porušenie zákona o účtovníctve od roku 2018 |c Klára Klabníková |
| 520 | |a Uchovávanie účtovnej dokumentácie. Právna úprava. Ilustračné príklady. | ||
| 610 | 2 | 0 | |a dokumentácia účtovná |
| 610 | 2 | 0 | |a úpravy právne |
| 610 | 2 | 0 | |a jednotka účtovná |
| 610 | 2 | 0 | |a Slovensko |
| 610 | 2 | 0 | |a kontrola daňová |
| 100 | 1 | |a Klabníková, Klára | |